[Event "ICS Rated blitz match"]
[Site "204.178.125.65"]
[Date "1999.12.03"]
[Round "?"]
[White "Hossa"]
[Black "Superluppi"]
[Result "1-0"]
[WhiteElo "2467"]
[BlackElo "2303"]
[PlyCount "77"]
[EventDate "1999.??.??"]

1. d4 e6 2. c4 Nf6 3. Nc3 Bb4 4. Qc2 O-O 5. a3 Bxc3+ 6. bxc3 d6 7. Nf3 Nbd7 8.
e4 e5 9. Bd3 h6 10. O-O Re8 11. Bd2 b6 12. Rad1 Bb7 13. Rfe1 Qe7 14. Nh4 Qf8
15. f4 exf4 16. Re2 c5 17. Rf1 cxd4 18. cxd4 Rac8 19. a4 d5 20. exd5 Rxe2 21.
Bxe2 Nxd5 22. Qf5 N7f6 23. cxd5 Bxd5 24. Rxf4 Be6 25. Qb1 Nd5 26. Rf2 Nc3 27.
Bxc3 Rxc3 28. Bd3 Qa3 29. Bh7+ Kh8 30. Bc2 Ba2 31. Qa1 Bc4 32. Qe1 Kg8 33. Qe8+
Qf8 34. Qe4 g6 35. Nxg6 Rxc2 36. Rxc2 fxg6 37. Qxg6+ Qg7 38. Qe8+ Kh7 39. Rxc4
{Superluppi resigns} 1-0

[Event "ICS rated blitz match"]
[Site "204.178.125.65"]
[Date "1999.12.03"]
[Round "?"]
[White "Superluppi"]
[Black "Hossa"]
[Result "0-1"]
[WhiteElo "2294"]
[BlackElo "2476"]
[PlyCount "122"]
[EventDate "1999.??.??"]

1. e4 c6 2. d4 d5 3. Nd2 dxe4 4. Nxe4 Nf6 5. Nxf6+ exf6 6. c3 Bd6 7. Bd3 O-O 8.
Qc2 g6 9. Bh6 Re8+ 10. Ne2 Qa5 11. a3 Qh5 12. Be3 Bd7 13. O-O-O Qg4 14. Rdg1
Na6 15. h3 Qh5 16. g4 Qh4 17. Ng3 Rxe3 18. Nf5 Bxf5 19. gxf5 Rxh3 20. Rxh3 Qxh3
21. fxg6 hxg6 22. Bxg6 Bf4+ 23. Kb1 Qh2 24. Rg4 Kf8 25. Qf5 Qh1+ 26. Ka2 Qd5+
27. Qxd5 cxd5 28. Rxf4 fxg6 29. Rxf6+ Kg7 30. Rd6 Rf8 31. Rxd5 Rxf2 32. c4 Rf7
33. b4 Nb8 34. b5 Nd7 35. Kb3 Kh6 36. Rd6 Kh5 37. c5 g5 38. c6 Nb6 39. a4 Rf3+
40. Kb4 bxc6 41. bxc6 Rf1 42. a5 Rb1+ 43. Kc5 Rc1+ 44. Kb5 Nc4 45. Re6 Na3+ 46.
Ka6 Rc3 47. Kxa7 Nb5+ 48. Kb6 Nxd4 49. Rd6 Nf5 50. Rd7 g4 51. c7 g3 52. Kb7 g2
53. Rd1 Nd6+ 54. Kb8 Kh4 55. a6 Rb3+ 56. Ka7 Rf3 57. Kb6 Rf1 58. Rd4+ Kg3 59.
Rxd6 g1=Q+ 60. Kb7 Rb1+ 61. Rb6 61... Qxb6+ {Superluppi resigns} 0-1

[Event "ICS rated blitz match"]
[Site "204.178.125.65"]
[Date "1999.12.03"]
[Round "?"]
[White "Hossa"]
[Black "Superluppi"]
[Result "1-0"]
[WhiteElo "2484"]
[BlackElo "2286"]
[PlyCount "75"]
[EventDate "1999.??.??"]

1. d4 e6 2. c4 Nf6 3. Nc3 Bb4 4. Qc2 O-O 5. a3 Bxc3+ 6. bxc3 c5 7. dxc5 Na6 8.
Bf4 Re8 9. Bd6 Qa5 10. Nf3 Nxc5 11. e3 Nce4 12. Bb4 Qc7 13. Bd3 d5 14. a4 b6
15. Nd4 a6 16. a5 Bb7 17. axb6 Qxb6 18. O-O dxc4 19. Bxc4 Rec8 20. Ba5 Qc5 21.
Ra4 Qg5 22. Nf3 Qg6 23. Bd3 Rc5 24. Rb4 Bc6 25. Nd4 Rxc3 26. Nxc6 Qh5 27. Rb8+
Rxb8 28. Bxc3 Nxc3 29. Nxb8 Ng4 30. h3 Qe5 31. hxg4 h6 32. Nxa6 f6 33. Rc1 Nd5
34. Bh7+ Kf7 35. Qg6+ Ke7 36. Qxg7+ Kd6 37. Qf8+ Ne7 38. Qd8# {
Superluppi checkmated} 1-0

[Event "ICS rated blitz match"]
[Site "204.178.125.65"]
[Date "1999.12.03"]
[Round "?"]
[White "Superluppi"]
[Black "Hossa"]
[Result "0-1"]
[WhiteElo "2278"]
[BlackElo "2492"]
[PlyCount "32"]
[EventDate "1999.??.??"]

1. e4 c6 2. d4 d5 3. Nd2 dxe4 4. Nxe4 Nf6 5. Nxf6+ exf6 6. c3 Bd6 7. Bd3 O-O 8.
Qc2 g6 9. Ne2 Qa5 10. Bd2 Re8 11. a3 Qh5 12. f3 Qh4+ 13. Kd1 Qf2 14. Be1 Qxg2
15. Rg1 Qxf3 16. Kc1 16... Bxh2 {Superluppi resigns} 0-1

[Event "ICS rated blitz match"]
[Site "204.178.125.65"]
[Date "1999.12.03"]
[Round "?"]
[White "Hossa"]
[Black "Superluppi"]
[Result "1-0"]
[WhiteElo "2499"]
[BlackElo "2271"]
[PlyCount "61"]
[EventDate "1999.??.??"]

1. d4 Nf6 2. c4 e6 3. Nf3 Bb4+ 4. Nbd2 O-O 5. a3 Be7 6. e3 b6 7. e4 d6 8. e5
Nfd7 9. Bd3 Bb7 10. Qc2 g6 11. exd6 cxd6 12. Nb3 Nf6 13. Bh6 Re8 14. O-O Nbd7
15. Be2 Rc8 16. Rae1 Be4 17. Qc1 Nf8 18. Ng5 Bb7 19. Qf4 d5 20. Nd2 Qd6 21. Qg3
Nh5 22. Bxh5 Qxg3 23. fxg3 Bxg5 24. Bxg5 gxh5 25. b3 dxc4 26. Nxc4 Rc6 27. Ne5
Rc3 28. Rxf7 Bd5 29. Bf6 Ng6 30. Rg7+ Kh8 31. Nf7# {Superluppi checkmated} 1-0

[Event "ICS Rated blitz match"]
[Site "204.178.125.65"]
[Date "1999.12.03"]
[Round "?"]
[White "Superluppi"]
[Black "Hossa"]
[Result "0-1"]
[WhiteElo "2264"]
[BlackElo "2506"]
[PlyCount "42"]
[EventDate "1999.??.??"]

1. e4 c6 2. d4 d5 3. Nd2 dxe4 4. Nxe4 Nf6 5. Nxf6+ exf6 6. c3 Bd6 7. Bd3 O-O 8.
Qc2 g6 9. Ne2 Qa5 10. O-O Re8 11. Bh6 Bxh2+ 12. Kxh2 Qh5+ 13. Kg1 Qxh6 14. Ng3
Bg4 15. Rae1 Nd7 16. f3 Be6 17. Ne4 Qf8 18. Kf2 f5 19. Ng5 Bxa2 20. Rxe8 Rxe8
21. Rh1 21... h6 {Superluppi resigns} 0-1

[Event "ICS rated blitz match"]
[Site "204.178.125.65"]
[Date "1999.12.03"]
[Round "?"]
[White "Hossa"]
[Black "cantabria"]
[Result "1-0"]
[WhiteElo "2512"]
[BlackElo "2083"]
[PlyCount "55"]
[EventDate "1999.??.??"]

1. d4 Nf6 2. c4 c5 3. d5 e6 4. Nc3 exd5 5. cxd5 d6 6. e4 g6 7. f4 Bg7 8. Bb5+
Nfd7 9. a4 O-O 10. Nf3 Na6 11. O-O Nc7 12. Bd3 a6 13. Qb3 Rb8 14. Bd2 b5 15.
axb5 axb5 16. Qc2 c4 17. Be2 Nc5 18. Be1 Re8 19. Bh4 Bf6 20. Bxf6 Qxf6 21. Kh1
Bg4 22. Ra7 N7a6 23. Ng5 Bxe2 24. Qxe2 Re7 25. e5 dxe5 26. Nge4 Qh4 27. g3 Nxe4
28. Nxe4 {cantabria resigns} 1-0

[Event "ICS rated blitz match"]
[Site "204.178.125.65"]
[Date "1999.12.03"]
[Round "?"]
[White "Hossa"]
[Black "brutus"]
[Result "1-0"]
[WhiteElo "2517"]
[BlackElo "2091"]
[PlyCount "33"]
[EventDate "1999.??.??"]

1. d4 Nf6 2. c4 g6 3. Bf4 d5 4. e3 Bg7 5. Nc3 O-O 6. cxd5 Nxd5 7. Nxd5 Qxd5 8.
Bxc7 Nc6 9. Ne2 Bf5 10. Nc3 Qd7 11. Bg3 e5 12. d5 Rfd8 13. dxc6 Qxc6 14. Qb3
Bd3 15. Bxd3 Rxd3 16. O-O Rad8 17. Rad1 {brutus resigns} 1-0

[Event "ICS rated blitz match"]
[Site "204.178.125.65"]
[Date "1999.12.03"]
[Round "?"]
[White "Hossa"]
[Black "brutus"]
[Result "1-0"]
[WhiteElo "2522"]
[BlackElo "2086"]
[PlyCount "121"]
[EventDate "1999.??.??"]

1. d4 Nf6 2. c4 g6 3. Bf4 Bg7 4. Nc3 d5 5. cxd5 Nxd5 6. Be5 Bxe5 7. dxe5 Nxc3
8. Qxd8+ Kxd8 9. bxc3 c6 10. Nf3 Kc7 11. e4 h6 12. Bc4 e6 13. O-O-O b6 14. Rd2
Ba6 15. Bb3 Nd7 16. Rhd1 Rhd8 17. Bc2 Nc5 18. Nd4 Rd7 19. f4 Rad8 20. f5 Bc4
21. fxg6 fxg6 22. Kb2 Nb7 23. Bd3 Na5 24. Kc1 c5 25. Bxc4 cxd4 26. Bxe6 Re7 27.
Bg4 Rxe5 28. Rxd4 Rxd4 29. Rxd4 Re7 30. Bf3 Nc6 31. Rd5 Ne5 32. Kd2 a6 33. Be2
b5 34. Ke3 Kc6 35. Kd4 Nd7 36. e5 Nb6 37. Rd6+ Kc7 38. Bd3 Nd7 39. Rxa6 Nxe5
40. Bxb5 Ng4 41. Rxg6 Nxh2 42. Rxh6 Ng4 43. Rh3 Ne5 44. c4 Nc6+ 45. Bxc6 Kxc6
46. Rh6+ Kc7 47. g4 Rg7 48. Rh4 Rg5 49. Ke4 Kc6 50. Kd3 Kc5 51. Rh5 Rxh5 52.
gxh5 Kd6 53. h6 Ke7 54. h7 Kd6 55. c5+ Ke6 56. h8=Q Kd5 57. Qe8 Kxc5 58. Qe6
Kb4 59. Qd5 Ka4 60. Kc3 Ka3 61. Qa5# {brutus checkmated} 1-0

[Event "ICS rated blitz match"]
[Site "204.178.125.65"]
[Date "1999.12.03"]
[Round "?"]
[White "brutus"]
[Black "Hossa"]
[Result "0-1"]
[WhiteElo "2084"]
[BlackElo "2524"]
[PlyCount "58"]
[EventDate "1999.??.??"]

1. e4 c6 2. d4 d5 3. Nc3 dxe4 4. Nxe4 Bf5 5. Ng3 Bg6 6. Nf3 Nd7 7. Bd3 Qb6 8.
O-O O-O-O 9. Be3 Qxb2 10. Bxg6 hxg6 11. Qe2 Qa3 12. Rfb1 e6 13. Rb3 Qe7 14. a4
Ngf6 15. Rab1 Nb6 16. a5 Nbd5 17. Ne5 Rh4 18. c4 Nxe3 19. fxe3 Qc7 20. c5 Nd5
21. Qc4 Qxe5 22. Rxb7 Qxe3+ 23. Kh1 Qxg3 24. h3 Rxh3+ 25. gxh3 Qxh3+ 26. Kg1
Qg3+ 27. Kh1 Bd6 28. Rb8+ Bxb8 29. Qa6+ 29... Kd7 {brutus resigns} 0-1

[Event "ICS rated blitz match"]
[Site "204.178.125.65"]
[Date "1999.12.03"]
[Round "?"]
[White "Hossa"]
[Black "brutus"]
[Result "1-0"]
[WhiteElo "2526"]
[BlackElo "2082"]
[PlyCount "27"]
[EventDate "1999.??.??"]

1. d4 Nf6 2. c4 g6 3. Bf4 Bg7 4. Nc3 d5 5. cxd5 Nxd5 6. Be5 Nxc3 7. bxc3 Bxe5
8. dxe5 Qxd1+ 9. Rxd1 Be6 10. a3 Bc4 11. f4 e6 12. Nf3 Ke7 13. e4 Nc6 14. Bxc4
{brutus resigns} 1-0

[Event "ICS rated blitz match"]
[Site "204.178.125.65"]
[Date "1999.12.03"]
[Round "?"]
[White "brutus"]
[Black "Hossa"]
[Result "1-0"]
[WhiteElo "2080"]
[BlackElo "2528"]
[PlyCount "89"]
[EventDate "1999.??.??"]

1. e4 c6 2. d4 d5 3. Nc3 dxe4 4. Nxe4 Bf5 5. Ng3 Bg6 6. Nf3 Nd7 7. Bd3 Qb6 8.
O-O O-O-O 9. Be3 Qxb2 10. Bxg6 hxg6 11. Qe2 Qa3 12. Rfb1 e6 13. Rb3 Qe7 14. a4
Ngf6 15. Rab1 Nb6 16. a5 Nbd5 17. c4 Nxe3 18. fxe3 Ng4 19. h3 Nh6 20. c5 Qc7
21. a6 b5 22. cxb6 axb6 23. Rxb6 Rd5 24. Ne4 Rb5 25. R6xb5 cxb5 26. Qxb5 Kd8
27. Qb7 Bd6 28. Nxd6 f6 29. Qb8+ Kd7 30. Qxh8 Kxd6 31. Qb8 Qxb8 32. Rxb8 g5 33.
a7 Nf5 34. Kf2 Nh4 35. Nxh4 gxh4 36. a8=Q f5 37. Rd8+ Ke7 38. Qc8 Kf7 39. Re8
Kg6 40. Qxe6+ Kh7 41. Qxf5+ g6 42. Re7+ Kh6 43. Qf4+ g5 44. Qf6+ Kh5 45. Rh7# {
Hossa checkmated} 1-0

[Event "ICS Rated blitz match"]
[Site "204.178.125.65"]
[Date "1999.12.03"]
[Round "?"]
[White "Hossa"]
[Black "brutus"]
[Result "1-0"]
[WhiteElo "2498"]
[BlackElo "2110"]
[PlyCount "153"]
[EventDate "1999.??.??"]

1. e4 e6 2. d4 d5 3. Nc3 Nf6 4. Bg5 Bb4 5. e5 h6 6. Bd2 Bxc3 7. bxc3 Ne4 8. Nf3
c5 9. Bd3 Nxd2 10. Qxd2 cxd4 11. cxd4 Nc6 12. O-O Bd7 13. Rab1 Na5 14. Bb5 Bxb5
15. Rxb5 b6 16. Rfb1 O-O 17. Qd3 Qe7 18. Rc1 Rfc8 19. Nd2 Nc4 20. c3 Qa3 21.
Rc2 Nxd2 22. Qxd2 Rc4 23. Rb3 Qa5 24. f4 Rac8 25. Qd3 g6 26. Qd2 Kg7 27. Qd3
Ra4 28. Qd2 Rcc4 29. Qc1 Qa6 30. a3 Ra5 31. Ra2 Rca4 32. Ra1 Qd3 33. Rb4 b5 34.
g3 a6 35. Kg2 Qe4+ 36. Kg1 Qe2 37. Rb2 Qe4 38. Rb4 Qe2 39. Rb2 Qe4 40. Rb4 h5
41. Rxa4 Rxa4 42. Qd2 Rc4 43. Re1 Qf3 44. Re3 Qg4 45. Kg2 Ra4 46. Qc1 h4 47. h3
Qf5 48. Qb2 hxg3 49. Kxg3 Rc4 50. Qa2 Rc8 51. Qa1 Rh8 52. Qh1 Qc2 53. Qa1 Rh5
54. Rf3 Qf5 55. Qf1 Kf8 56. Rf2 g5 57. Rf3 gxf4+ 58. Rxf4 Rg5+ 59. Kh2 Qc2+ 60.
Qf2 Qxf2+ 61. Rxf2 Kg7 62. h4 Rh5 63. Kh3 Rh8 64. Kg4 Rc8 65. Rf3 Rc4 66. h5
Ra4 67. Kg5 Rxa3 68. h6+ Kg8 69. h7+ Kxh7 70. Rxf7+ Kg8 71. Rc7 a5 72. Kg6 Kf8
73. Kf6 Ke8 74. Kxe6 Kd8 75. Kd6 b4 76. cxb4 axb4 77. Rb7 {brutus resigns} 1-0

[Event "ICS rated blitz match"]
[Site "204.178.125.65"]
[Date "1999.12.03"]
[Round "?"]
[White "brutus"]
[Black "Hossa"]
[Result "0-1"]
[WhiteElo "2107"]
[BlackElo "2501"]
[PlyCount "84"]
[EventDate "1999.??.??"]

1. e4 e5 2. Nf3 Nc6 3. Bb5 a6 4. Ba4 Nf6 5. d3 b5 6. Bb3 Bc5 7. Bg5 d6 8. Nc3
Bb7 9. Nd5 h6 10. Nxf6+ gxf6 11. Bh4 Qe7 12. Nd2 Rg8 13. g3 Nd4 14. c3 Nf5 15.
Qh5 Nxh4 16. Qxh4 Rg6 17. O-O-O Bxf2 18. Rhf1 Be3 19. Rf3 Bg5 20. Qh5 O-O-O 21.
h4 Bxd2+ 22. Rxd2 Kb8 23. Rf1 Bc8 24. Qf3 Bh3 25. Rh1 Bg4 26. Qe3 Rdg8 27. Rg1
Qd7 28. Rf2 h5 29. Bd1 Bxd1 30. Kxd1 Qe6 31. b3 Qh3 32. Rfg2 f5 33. exf5 Qxf5
34. Kc2 Qg4 35. Kb2 f5 36. a4 bxa4 37. bxa4 Qxa4 38. Ra1 Qc6 39. Rag1 f4 40.
Qe4 Qxe4 41. dxe4 Rxg3 42. Rxg3 42... Rxg3 {brutus resigns} 0-1

[Event "ICS rated blitz match"]
[Site "204.178.125.65"]
[Date "1999.12.03"]
[Round "?"]
[White "Hossa"]
[Black "brutus"]
[Result "0-1"]
[WhiteElo "2504"]
[BlackElo "2104"]
[PlyCount "180"]
[EventDate "1999.??.??"]

1. e4 e6 2. d4 d5 3. Nc3 Nf6 4. Bg5 Bb4 5. e5 h6 6. Bd2 Bxc3 7. bxc3 Ne4 8. Nf3
c5 9. Bd3 Nxd2 10. Qxd2 cxd4 11. cxd4 Nc6 12. O-O Bd7 13. Rab1 Na5 14. Bb5 Bxb5
15. Rxb5 b6 16. Qb4 Qe7 17. Qxe7+ Kxe7 18. Rfb1 Rhc8 19. R5b2 Rc4 20. Re1 Rac8
21. Rc1 Ra4 22. c3 Ra3 23. Rbc2 Nc4 24. Rb1 Ra4 25. Rb4 Ra3 26. Rb1 Na5 27.
Rbc1 Ra4 28. Rb2 Nc4 29. Re2 Na3 30. Rb2 Nc4 31. Re2 b5 32. Rb1 a6 33. g4 Nb6
34. Rc2 Rac4 35. h4 Na4 36. Rb3 Rxc3 37. Rcxc3 Rxc3 38. Kg2 Rxb3 39. axb3 Nb2
40. g5 hxg5 41. hxg5 a5 42. g6 fxg6 43. Nh4 Kf7 44. Nf3 a4 45. bxa4 bxa4 46.
Ne1 a3 47. Nc2 a2 48. Kf3 Nc4 49. Na1 Nd2+ 50. Ke3 Nc4+ 51. Kf3 g5 52. Ke2 Kg6
53. Kd3 Kf5 54. Kc2 Kf4 55. Kb3 Kf3 56. Kxa2 Kxf2 57. Nb3 g4 58. Nc5 g3 59.
Nd3+ Ke3 60. Ne1 Kxd4 61. Kb3 Kxe5 62. Nd3+ Kd4 63. Nf4 e5 64. Ne2+ Ke3 65.
Nxg3 g5 66. Nh5 g4 67. Kb4 Kf3 68. Ng7 g3 69. Nf5 g2 70. Nh4+ Kf2 71. Nxg2 Kxg2
72. Kc5 Ne3 73. Kb5 d4 74. Kb4 d3 75. Kc5 d2 76. Kc6 d1=Q 77. Kc5 Qd4+ 78. Kc6
Qd5+ 79. Kc7 Nc4 80. Kc8 Qf7 81. Kd8 Na5 82. Kc8 e4 83. Kd8 Nc6+ 84. Kc8 Ne5
85. Kb8 e3 86. Ka8 e2 87. Kb8 e1=Q 88. Kc8 Qc3+ 89. Kb8 Qcc7+ 90. Ka8 90...
Qb7# {Hossa checkmated} 0-1

[Event "ICS rated bullet match"]
[Site "204.178.125.65"]
[Date "1999.12.03"]
[Round "?"]
[White "WhiteHorse"]
[Black "Hossa"]
[Result "0-1"]
[WhiteElo "2368"]
[BlackElo "2588"]
[PlyCount "72"]
[EventDate "1999.??.??"]

1. d4 Nf6 2. b3 d5 3. Bb2 Bf5 4. e3 e6 5. f4 Ne4 6. Nf3 Nd7 7. Bd3 Ndf6 8. O-O
Bd6 9. Ne5 O-O 10. Qe2 c5 11. Nd2 cxd4 12. exd4 Bb4 13. c3 Nxc3 14. Bxc3 Bxc3
15. Ndf3 Bxa1 16. Rxa1 Ne4 17. g4 Nc3 18. Qd2 Bxd3 19. Qxd3 Ne4 20. Re1 f6 21.
f5 fxe5 22. dxe5 Nc5 23. Qe3 Qa5 24. f6 gxf6 25. exf6 Rxf6 26. Rf1 Raf8 27.
Qg5+ Rg6 28. Qh5 Qxa2 29. h4 Qxb3 30. g5 Ne4 31. Qg4 Qe3+ 32. Kg2 Qe2+ 33. Kg1
Nd2 34. Nxd2 Qxg4+ 35. Kh2 Qxh4+ 36. Kg2 36... Rxg5# {WhiteHorse checkmated}
0-1

[Event "ICS rated bullet match"]
[Site "204.178.125.65"]
[Date "1999.12.03"]
[Round "?"]
[White "Hossa"]
[Black "WhiteHorse"]
[Result "1-0"]
[WhiteElo "2595"]
[BlackElo "2361"]
[PlyCount "93"]
[EventDate "1999.??.??"]

1. e4 h6 2. d4 d6 3. Nf3 b6 4. Bd3 Bb7 5. O-O Nd7 6. c4 g6 7. Be3 Bg7 8. Nc3 e5
9. Nd5 Ne7 10. Qa4 O-O 11. Rfc1 Nxd5 12. exd5 Qe7 13. Re1 e4 14. Bxe4 Qxe4 15.
Qxd7 Qc2 16. Qxc7 Ba6 17. b3 Rad8 18. Qxa7 Bc8 19. Qxb6 Bg4 20. Nd2 Qf5 21. f3
Bh5 22. g4 Bxg4 23. fxg4 Qxg4+ 24. Kh1 Rfe8 25. Rf1 Rd7 26. Rae1 Rde7 27. Bf2
Rxe1 28. Bxe1 Kh7 29. Qxd6 Bxd4 30. Qc7 Bg7 31. Qxf7 Re2 32. Qf3 Qxf3+ 33. Nxf3
h5 34. Rf2 Kh6 35. Rxe2 g5 36. Re6+ Kh7 37. Nxg5+ Kg8 38. Re8+ Bf8 39. d6 Kg7
40. Bc3+ Kg6 41. Rxf8 Kxg5 42. h4+ Kg4 43. Be5 Kh3 44. Rg8 Kxh4 45. d7 Kh3 46.
Rg3+ Kh4 47. d8=Q# {WhiteHorse checkmated} 1-0

[Event "ICS rated bullet match"]
[Site "204.178.125.65"]
[Date "1999.12.03"]
[Round "?"]
[White "WhiteHorse"]
[Black "Hossa"]
[Result "0-1"]
[WhiteElo "2354"]
[BlackElo "2602"]
[PlyCount "42"]
[EventDate "1999.??.??"]

1. d3 e5 2. d4 exd4 3. Qxd4 Nc6 4. Qd1 Bb4+ 5. Bd2 Nf6 6. e3 O-O 7. Nf3 Re8 8.
Bd3 d5 9. c3 Bc5 10. Qc2 Bg4 11. Ng1 Ne5 12. h3 Nxd3+ 13. Qxd3 Bd7 14. g4 a6
15. Ne2 Bb5 16. Qc2 Ne4 17. Na3 Qh4 18. Rf1 Bxa3 19. Qb3 Bc5 20. Nd4 Bxf1 21.
Kxf1 21... Qxf2# {WhiteHorse checkmated} 0-1

[Event "ICS rated bullet match"]
[Site "204.178.125.65"]
[Date "1999.12.03"]
[Round "?"]
[White "Hossa"]
[Black "WhiteHorse"]
[Result "1-0"]
[WhiteElo "2608"]
[BlackElo "2348"]
[PlyCount "69"]
[EventDate "1999.??.??"]

1. e4 g6 2. d4 Bg7 3. Nc3 c6 4. Bc4 h6 5. Qf3 Nf6 6. e5 d5 7. exf6 Bxf6 8. Bd3
Nd7 9. Nge2 Nb6 10. Qe3 Be6 11. Bxg6 Qd7 12. Nf4 Bg4 13. h3 fxg6 14. hxg4 O-O-O
15. Nxg6 Rhg8 16. Rxh6 Qxg4 17. Nf4 Nc4 18. Qe2 Qg7 19. Ne6 Qxg2 20. Nxd8 Kxd8
21. Rh7 Qg1+ 22. Qf1 Qg4 23. Ne2 Qf5 24. Qh3 Qxc2 25. Qh5 Nd6 26. Qh2 Kd7 27.
Qh3+ Kc7 28. Bf4 Kb6 29. Bxd6 exd6 30. Qd7 Bxd4 31. Qxb7+ Kc5 32. Qxa7+ Kc4 33.
Qxd4+ Kb5 34. Rb7+ Ka6 35. Qa7# {WhiteHorse checkmated} 1-0

[Event "ICS rated bullet match"]
[Site "204.178.125.65"]
[Date "1999.12.03"]
[Round "?"]
[White "WhiteHorse"]
[Black "Hossa"]
[Result "0-1"]
[WhiteElo "2342"]
[BlackElo "2614"]
[PlyCount "82"]
[EventDate "1999.??.??"]

1. d3 e5 2. e4 Nc6 3. g3 Bb4+ 4. c3 Ba5 5. Bg2 Nf6 6. Ne2 O-O 7. Bd2 Bb6 8. h3
d6 9. O-O Bd7 10. Kh2 Nh5 11. f4 f5 12. exf5 exf4 13. Nxf4 Nxf4 14. Bxf4 Bxf5
15. d4 Qf6 16. Nd2 Rae8 17. Nf3 Be4 18. Qd2 Qf5 19. Rae1 Qa5 20. a3 d5 21. Ng5
Bxg2 22. Kxg2 Rxe1 23. Rxe1 Qa4 24. Qe2 Nd8 25. Qd3 g6 26. Qe2 h6 27. Ne6 Re8
28. Qg4 Qc2+ 29. Kh1 h5 30. Qg5 Nxe6 31. Qf6 Qf5 32. Bg5 Qxh3+ 33. Kg1 Qxg3+
34. Kh1 Qxe1+ 35. Kh2 Qb1 36. Bh4 Qxb2+ 37. Kh3 Qxc3+ 38. Bg3 Qd3 39. Qe5 Bxd4
40. Qf4 Nxf4+ 41. Kh4 41... Bf6# {WhiteHorse checkmated} 0-1

[Event "ICS Rated standard match"]
[Site "204.178.125.65"]
[Date "1999.12.03"]
[Round "?"]
[White "Hossa"]
[Black "Fuzz"]
[Result "0-1"]
[WhiteElo "2175"]
[BlackElo "2135"]
[PlyCount "134"]
[EventDate "1999.??.??"]

1. e4 e5 2. Nf3 Nc6 3. Bb5 a6 4. Ba4 f6 5. O-O Bd6 6. c3 Nge7 7. d4 b5 8. Bb3
Na5 9. Bc2 O-O 10. Be3 Bb7 11. Nbd2 exd4 12. cxd4 f5 13. e5 Bb4 14. Bg5 Bd5 15.
a3 Bxd2 16. Qxd2 Nc4 17. Qb4 d6 18. b3 Nb6 19. exd6 cxd6 20. Rfe1 Nbc8 21. Qc3
Ra7 22. Rac1 Rc7 23. Qe3 h6 24. Bh4 Rf7 25. Re2 Qf8 26. b4 Ng6 27. g3 Nce7 28.
Ne1 Nxh4 29. gxh4 Rf6 30. h5 Re6 31. Qd2 Rxe2 32. Qxe2 Qf6 33. Qd2 Bf7 34. Bd3
Rxc1 35. Qxc1 Qxd4 36. Qc7 Qe5 37. Nc2 Bxh5 38. a4 bxa4 39. Bxa6 Bf3 40. Bd3
Be4 41. Bxe4 fxe4 42. Qd7 Qg5+ 43. Kf1 Qc1+ 44. Ne1 Qc4+ 45. Kg2 Nd5 46. Qe6+
Kh8 47. Qxd6 Nxb4 48. Qf8+ Kh7 49. Qf5+ Kg8 50. Qa5 Nd3 51. Kf1 Nf4+ 52. Kg1
Qe2 53. Qc3 a3 54. h3 Kh7 55. Qa5 a2 56. Ng2 Qd1+ 57. Kh2 a1=Q 58. Qxa1 Qxa1
59. Nxf4 Qe5 60. Kg2 Qxf4 61. h4 Qg4+ 62. Kf1 Qh3+ 63. Ke1 Qd3 64. h5 Kg8 65.
f3 e3 66. f4 Qd2+ 67. Kf1 67... Qf2# {Hossa checkmated} 0-1

[Event "ICS rated bullet match"]
[Site "204.178.125.65"]
[Date "1999.12.03"]
[Round "?"]
[White "Hossa"]
[Black "WhiteHorse"]
[Result "1-0"]
[WhiteElo "2620"]
[BlackElo "2352"]
[PlyCount "73"]
[EventDate "1999.??.??"]

1. e4 g6 2. d4 Bg7 3. Nc3 d6 4. Nf3 e6 5. Bb5+ c6 6. Bd3 Ne7 7. O-O O-O 8. Ne2
f5 9. e5 d5 10. Bg5 h6 11. Be3 g5 12. Qe1 f4 13. Bc1 Nf5 14. c3 g4 15. Nd2 Nh4
16. f3 Kh8 17. fxg4 Rg8 18. Nxf4 Bf8 19. Qe2 Qg5 20. g3 Ng6 21. Nxg6+ Qxg6 22.
Bxg6 Nd7 23. Bf7 Rg7 24. Bxe6 Be7 25. Nf3 b6 26. Bf5 Nf8 27. Bxh6 Rf7 28. e6
Rf6 29. Bg5 Bxe6 30. Qe5 Nd7 31. Bxf6+ Bxf6 32. Qxe6 Rd8 33. Qxc6 Kg7 34. Bxd7
Rf8 35. g5 Be7 36. Qh6+ Kf7 37. Qh7# {WhiteHorse checkmated} 1-0

[Event "ICS rated bullet match"]
[Site "204.178.125.65"]
[Date "1999.12.03"]
[Round "?"]
[White "WhiteHorse"]
[Black "Hossa"]
[Result "0-1"]
[WhiteElo "2346"]
[BlackElo "2626"]
[PlyCount "96"]
[EventDate "1999.??.??"]

1. d4 Nf6 2. e3 g6 3. c4 c6 4. Nc3 d5 5. Be2 Bg7 6. f4 O-O 7. Nf3 Bf5 8. h3 Ne4
9. g4 Ng3 10. Rg1 Nxe2 11. Qxe2 Be6 12. c5 b6 13. cxb6 axb6 14. Bd2 Bc8 15. h4
Ba6 16. Qh2 b5 17. h5 b4 18. Ne2 Bxe2 19. Qxe2 b3 20. a3 c5 21. Bc3 cxd4 22.
exd4 Ra6 23. g5 Re6 24. Ne5 Nc6 25. O-O-O Nxe5 26. dxe5 Rb6 27. Kb1 Qd7 28. Ka1
Rc8 29. h6 Bh8 30. Qd3 e6 31. Rgf1 Rb7 32. f5 gxf5 33. Rg1 Qa4 34. Kb1 Rbc7 35.
Rc1 Qe4 36. Qxe4 dxe4 37. g6 fxg6 38. Rge1 g5 39. a4 g4 40. a5 Rc5 41. Rg1 Rd8
42. a6 Rcd5 43. a7 Ra8 44. Bb4 Bxe5 45. Rc3 Bxc3 46. Bxc3 Rxa7 47. Rf1 Ra2 48.
Kc1 48... Ra1# {WhiteHorse checkmated} 0-1

[Event "ICS rated bullet match"]
[Site "204.178.125.65"]
[Date "1999.12.03"]
[Round "?"]
[White "Hossa"]
[Black "WhiteHorse"]
[Result "1-0"]
[WhiteElo "2631"]
[BlackElo "2341"]
[PlyCount "89"]
[EventDate "1999.??.??"]

1. e4 g6 2. d4 h6 3. c3 Bg7 4. Nf3 d6 5. Be3 Nd7 6. Bb5 c6 7. Bd3 e5 8. O-O Qe7
9. dxe5 dxe5 10. b4 b6 11. Nbd2 Ngf6 12. Qa4 Bb7 13. Rad1 O-O 14. Ba6 Rab8 15.
Bxb7 Rxb7 16. Qxc6 Rfb8 17. Nc4 Ng4 18. Nd6 Nxe3 19. fxe3 Nf8 20. Nxb7 Rxb7 21.
Qd6 Qe8 22. Qd8 Qe6 23. a4 Rd7 24. Rxd7 Qxd7 25. Qxd7 Nxd7 26. Rd1 Nf8 27. Rd5
Kh7 28. Nxe5 Ne6 29. Nxf7 h5 30. e5 g5 31. Rd6 Kg6 32. Nd8 Kf5 33. Rxe6 Ke4 34.
Re7 Bf8 35. Rf7 Kxe3 36. Rxf8 Kd3 37. Rf3+ Kc4 38. Nc6 Kb3 39. Kf2 b5 40. Na5+
Kxa4 41. e6 Ka3 42. e7 a6 43. e8=Q Ka4 44. Qe6 Ka3 45. Qb3# {
WhiteHorse checkmated} 1-0

[Event "ICS rated bullet match"]
[Site "204.178.125.65"]
[Date "1999.12.03"]
[Round "?"]
[White "WhiteHorse"]
[Black "Hossa"]
[Result "0-1"]
[WhiteElo "2336"]
[BlackElo "2636"]
[PlyCount "86"]
[EventDate "1999.??.??"]

1. b3 e5 2. Bb2 Nc6 3. Nc3 d5 4. e4 d4 5. Nce2 Nf6 6. a3 Nxe4 7. d3 Nf6 8. Nf3
Bd6 9. Nd2 O-O 10. g3 Be6 11. Bg2 Qd7 12. O-O Bh3 13. Ne4 Nxe4 14. dxe4 Qg4 15.
f3 Qe6 16. Rf2 Bxg2 17. Kxg2 Bc5 18. Qd3 f5 19. b4 fxe4 20. Qxe4 Bb6 21. Nc1
Rab8 22. Nd3 Rf5 23. Re1 a5 24. Rfe2 axb4 25. axb4 Qf6 26. b5 Na7 27. Nxe5 Rd8
28. Ng4 Qf8 29. Rd2 Ba5 30. Red1 Bxd2 31. Rxd2 Nxb5 32. Nf2 Nd6 33. Qg4 Nc4 34.
Bxd4 Nxd2 35. Be3 Nxf3 36. Ne4 Ne1+ 37. Kh3 Re5 38. Bc5 Qf1+ 39. Kh4 Ng2+ 40.
Kh3 Nf4+ 41. Kh4 Rh5+ 42. Qxh5 Qh3+ 43. Kg5 43... Ne6# {WhiteHorse checkmated}
0-1

[Event "ICS rated bullet match"]
[Site "204.178.125.65"]
[Date "1999.12.03"]
[Round "?"]
[White "Hossa"]
[Black "WhiteHorse"]
[Result "1-0"]
[WhiteElo "2641"]
[BlackElo "2331"]
[PlyCount "67"]
[EventDate "1999.??.??"]

1. e4 g6 2. d4 Bg7 3. Nc3 d6 4. Nf3 h6 5. Bb5+ Bd7 6. O-O e6 7. Qd3 Ne7 8.
Bxd7+ Nxd7 9. Qb5 Rb8 10. Qa4 a6 11. Bf4 O-O 12. Rfe1 Kh7 13. Rad1 f5 14. e5 d5
15. Ne2 g5 16. Bxg5 hxg5 17. Nxg5+ Kg6 18. Nf4+ Kxg5 19. Qa3 Nf6 20. Nxe6+ Kg6
21. Nxd8 Rfxd8 22. exf6 Bxf6 23. Rxe7 Bxe7 24. Qxe7 Rg8 25. Qxc7 Rbf8 26. Qxb7
Rf6 27. Qxd5 f4 28. Qxg8+ Kf5 29. Qd5+ Kg4 30. h3+ Kh4 31. g3+ fxg3 32. fxg3+
Kxh3 33. Qg5 Rf3 34. Qh4# {WhiteHorse checkmated} 1-0